书目信息 |
| 题名: |
重大地震灾害救援程序与程序化
|
|
| 作者: | 陈艳华 … 等 著 | |
| 分册: | ||
| 出版信息: | 北京 中国建筑工业出版社 2018.06 |
|
| 页数: | 218页 | |
| 开本: | 20cm | |
| 丛书名: | ||
| 单 册: | ||
| 中图分类: | P315.9 | |
| 科图分类: | ||
| 主题词: | 岩石--物理学 , 固体地球物理学 | |
| 电子资源: | ||
| ISBN: | 978-7-112-22259-9 | |
| 000 | 00660nam0 2200205 45 | |
| 001 | 1940558005 | |
| 005 | 20190305085845.02 | |
| 010 | @a978-7-112-22259-9@dRMB 88.00 | |
| 100 | @a20190304d2018 km y0chiy0120 ea | |
| 101 | 0 | @achi |
| 102 | @aCN@b110000 | |
| 200 | 1 | @a重大地震灾害救援程序与程序化@Azhong da di zhen zai hai jiu yuan cheng xu yu cheng xu hua@f陈艳华 … [等] 著@Fchen yan hua…[deng]zhu |
| 210 | @a北京@c中国建筑工业出版社@d2018.06 | |
| 215 | @a218页@d20cm | |
| 606 | 0 | @a岩石@x物理学 |
| 606 | 0 | @a固体地球物理学 |
| 690 | @aP315.9@v4 | |
| 701 | 0 | @a陈艳华 … 等@Achen yan hua…deng@4著 |
| 801 | 0 | @aCN@bPFT@c20190305 |
| 905 | @a10447@dP315.9@eC612 | |
| 重大地震灾害救援程序与程序化/陈艳华 … [等] 著.-北京:中国建筑工业出版社,2018.06 |
| 218页;20cm |
| ISBN 978-7-112-22259-9:RMB 88.00 |
| ● |
| 相关链接 |
|
|
|
正题名:重大地震灾害救援程序与程序化
索取号:P315.9/C612
 
预约/预借
| 序号 | 登录号 | 条形码 | 馆藏地/架位号 | 状态 | 备注 |
| 1 | 1304565 | 213045658 | 自科库401/401自科库 126排1列6层/ [索取号:P315.9/C612] | 在馆 |